DCEU - DCU - Statistics

General Stats
  • This quiz has been taken 65 times
  • The average score is 15 of 18
Answer Stats
Release Date Movie % Correct
November 17, 2017 Justice League
98%
June 2, 2017 Wonder Woman
98%
March 25, 2016 Batman V Superman
96%
June 14, 2013 Man Of Steel
96%
December 21, 2018 Aquaman
95%
June 16, 2023 The Flash
95%
December 25, 2023 Aquaman and the Lost Kingdom
91%
August 5, 2016 Suicide Squad
91%
August 5, 2021 The Suicide Squad
91%
April 5, 2019 Shazam!
82%
March 17, 2023 Shazam! Fury of the Gods
82%
December 25, 2020 WW84
82%
October 21, 2022 Black Adam
75%
February 7, 2020 Birds of Prey
74%
August 18, 2023 Blue Beetle
72%
March 18, 2021 Zack Snyder's Justice League
72%
January 13, 2022 Peacemaker
65%
July 11, 2025 Superman Legacy
65%
No matching quizzes found
Score Distribution
Percent of People with Each Score
Percentile by Number Answered
Your Score History
You have not taken this quiz